Stratégie investovania z pohľadu fundamentálnej analýzy diplomová práca

Salvato in:
Dettagli Bibliografici
Autore principale: Sýkora, Tomáš
Ente Autore: Národohospodárska fakulta EU. Katedra bankovníctva a medzinárodných financií
Altri autori: Chovancová, Božena
Natura: Libro
Lingua:slovacco
Pubblicazione: Bratislava 2022
Tags: Aggiungi Tag
Nessun Tag, puoi essere il primo ad aggiungerne!!

MARC

LEADER 00000nbm a2200000 4500
001 0283987
005 20221007144245.7
041 0 |a slo 
044 |a SK 
245 1 0 |a Stratégie investovania z pohľadu fundamentálnej analýzy  |b diplomová práca  |c Tomáš Sýkora ; školiteľ: Božena Chovancová 
264 1 |a Bratislava  |c 2022 
300 |a 76 s. 
100 1 |a Sýkora, Tomáš 
700 1 |a Chovancová, Božena 
710 2 |a Národohospodárska fakulta EU. Katedra bankovníctva a medzinárodných financií